|
|
|
|
| LEADER |
02043nam a2200457 i 4500 |
| 001 |
EBC843638 |
| 003 |
MiAaPQ |
| 005 |
20200520144314.0 |
| 006 |
m o d | |
| 007 |
cr cnu|||||||| |
| 008 |
120123t20132013njua ob 001 0 eng|d |
| 020 |
|
|
|z 9781118121177
|
| 020 |
|
|
|a 9781118224625
|q (electronic bk.)
|
| 035 |
|
|
|a (MiAaPQ)EBC843638
|
| 035 |
|
|
|a (Au-PeEL)EBL843638
|
| 035 |
|
|
|a (CaPaEBR)ebr10837518
|
| 035 |
|
|
|a (CaONFJC)MIL429048
|
| 035 |
|
|
|a (OCoLC)826485393
|
| 040 |
|
|
|a MiAaPQ
|b eng
|e rda
|e pn
|c MiAaPQ
|d MiAaPQ
|
| 050 |
|
4 |
|a HD69.C6
|b M38 2013
|
| 082 |
0 |
|
|a 001
|2 23
|
| 100 |
1 |
|
|a Matrisian, Matt.
|
| 245 |
1 |
4 |
|a The power of practice management :
|b best practices for building a better advisory business /
|c Matt Matrisian.
|
| 264 |
|
1 |
|a Hoboken, New Jersey :
|b Bloomberg Press/Wiley,
|c [2013]
|
| 264 |
|
4 |
|c 2013
|
| 300 |
|
|
|a 1 online resource (322 pages) :
|b illustrations.
|
| 336 |
|
|
|a text
|2 rdacontent
|
| 337 |
|
|
|a computer
|2 rdamedia
|
| 338 |
|
|
|a online resource
|2 rdacarrier
|
| 440 |
|
0 |
|a Bloomberg financial series
|
| 504 |
|
|
|a Includes bibliographical references and index.
|
| 505 |
0 |
|
|a A look at the landscape -- A view into top-performing firms -- The emergence of business-think -- The four essential disciplines.
|
| 588 |
|
|
|a Description based on print version record.
|
| 590 |
|
|
|a Electronic reproduction. Ann Arbor, MI : ProQuest, 2015. Available via World Wide Web. Access may be limited to ProQuest affiliated libraries.
|
| 650 |
|
0 |
|a Business consultants.
|
| 650 |
|
0 |
|a Consulting firms
|x Management.
|
| 650 |
|
0 |
|a Small business
|x Management.
|
| 655 |
|
4 |
|a Electronic books.
|
| 776 |
0 |
8 |
|i Print version:
|a Matrisian, Matt.
|t Power of practice management : best practices for building a better advisory business.
|d Hoboken, New Jersey : Bloomberg Press/Wiley, [2013]
|h xii, 308 pages ; 24 cm.
|k Bloomberg financial series
|z 9781118121177
|w (DLC) 2012001525
|
| 797 |
2 |
|
|a ProQuest (Firm)
|
| 856 |
4 |
0 |
|u https://ebookcentral.proquest.com/lib/matrademy/detail.action?docID=843638
|z Click to View
|